000 01010nam a2200289 a 4500
001 59563
003 BD-RjUL
005 20211209080739.0
008 161226s1981 cau b 001 0 eng
020 _a0803916884
020 _a0803916892 (pbk.)
035 _a(BD-RjUL) 59687
040 _aDLC
_cDLC
_dDLC
_dBD-RjUL
_beng
041 _aeng
082 0 0 _a352.10973
_223
_bLEP 1981
100 1 _aLevine, Charles H.
_9177167
245 1 4 _aThe politics of retrenchment :
_bhow local governments manage fiscal stress /
_cCharles H. Levine, Irene S. Rubin, George G. Wolohojian.
260 _aBeverly Hills :
_bSage Publications,
_cc1981.
300 _a224 p. ;
_c23 cm.
490 _aSage library of social research ;
_vv. 130
504 _aIncludes bibliographical references and indexes.
650 0 _aLocal finance
_zUnited States.
_9177168
700 1 _aRubin, Irene.
_9177169
700 1 _aWolohojian, George G.
_9177170
830 _aSage library of social research ;
_vv. 130
_9177172
942 _2ddc
_cBK
999 _c59563
_d59563